Modelo hidráulico del acueducto de San Francisco de Tinoco de Osa y propuestas de mejora
Guardat en:
| Autor principal: | |
|---|---|
| Altres autors: | |
| Format: | Llibre |
| Idioma: | Spanish |
| Publicat: |
[San José], Costa Rica
2022
|
| Matèries: | |
| Etiquetes: |
Afegir etiqueta
Sense etiquetes, Sigues el primer a etiquetar aquest registre!
|
MARC
| LEADER | 00000nam a2200000Ia 4500 | ||
|---|---|---|---|
| 003 | 013564 | ||
| 005 | 20230712113944.0 | ||
| 008 | 140114s2022 cr a 000 ||spa d | ||
| 040 | |c cru CEDI | ||
| 100 | |a Oviedo Sánchez, Tatiana María, 1988- |9 393 | ||
| 245 | |a Modelo hidráulico del acueducto de San Francisco de Tinoco de Osa y propuestas de mejora | ||
| 260 | |a [San José], Costa Rica |c 2022 | ||
| 500 | |a Proyecto de graduación (licenciatura en ingeniería civil)--Universidad de Costa Rica. Facultad de Ingeniería. Escuela de Ingeniería Civil | ||
| 501 | |a Director del Proyecto de Graduación: Ing. Luis Zamora González | ||
| 650 | |x MODELOS HIDRAULICOS - DISEÑO Y CONSTRUCCIÓN |x CANALES (INGENIERIA HIDRAULICA) |x ACUEDUCTOS - PALMAR (OSA, PUNTARENAS, COSTA RICA) |x SUMINISTRO DE AGUA - PALMAR (OSA, PUNTARENAS, COSTA RICA) |x RECURSOS HIDRICOS - ADMINISTRACION | ||
| 700 | |9 80 |a Zamora González, Luis Manuel,1969- |d Director del TFG | ||
| 942 | |c CEDI |h TFG 8715 |6 TFG_8715_000000000000000 | ||
| 999 | |c 22067 |d 22067 | ||
